| 000 | 01158cam a22003254a 4500 | ||
|---|---|---|---|
| 001 | 12785369 | ||
| 005 | 20170105102849.0 | ||
| 008 | 020522s2003 mau 001 0 eng | ||
| 010 | _a 2002071787 | ||
| 020 | _a0072481951 (pbk. : alk. paper) | ||
| 035 | _a(OCoLC)ocm49991473 | ||
| 040 |
_aDLC _cDLC _dC#P _dDLC |
||
| 042 | _apcc | ||
| 050 | 0 | 0 |
_aPN4783 _b.A76 2003 |
| 082 | 0 | 0 |
_a808/.027 _221 |
| 100 | 1 | _aArnold, George T. | |
| 245 | 1 | 0 |
_aMedia writer's handbook : _ba guide to common writing and editing problems / _cGeorge T. Arnold. |
| 250 | _a3rd ed. | ||
| 260 |
_aBoston : _bMcGraw-Hill, _cc2003. |
||
| 300 |
_axvi, 288, 8 p. ; _c24 cm. |
||
| 500 | _aIncludes index. | ||
| 650 | 0 |
_aJournalism _vStyle manuals. |
|
| 650 | 0 |
_aJournalism _xAuthorship. |
|
| 650 | 0 |
_aMass media _xAuthorship. |
|
| 856 | 4 | 1 |
_3Table of contents _uhttp://www.loc.gov/catdir/toc/mh041/2002071787.html |
| 856 | 4 | 2 |
_3Publisher description _uhttp://www.loc.gov/catdir/description/mh024/2002071787.html |
| 906 |
_a7 _bcbc _corignew _d1 _eocip _f20 _gy-gencatlg |
||
| 942 |
_2ddc _cBK |
||
| 999 |
_c14202 _d14202 |
||